Tahqeeqaat-E-Chishti (Record no. 694)

MARC details
000 -LEADER
fixed length control field 00595nam a2200241 a 4500
020 ## - INTERNATIONAL STANDARD BOOK NUMBER
ISBN
082 00 - DEWEY DECIMAL CLASSIFICATION NUMBER
Classification number 297.409
Author Cutter NOO
100 ## - MAIN ENTRY--AUTHOR NAME
Author name Noor Ahmed, Chishti
245 ## - TITLE STATEMENT
Title Tahqeeqaat-E-Chishti
260 ## - PUBLICATION, DISTRIBUTION, ETC. (IMPRINT)
Place of publication Lahore
Name of publisher Hameedia Agency
Year of publication 1905
300 ## - PHYSICAL DESCRIPTION
Number of Pages 788p
500 ## - GENERAL NOTE
General note includes index and biblioraphy
505 2# - FORMATTED CONTENTS NOTE
Formatted contents note 4 Volume Bound in One Book
650 ## - SUBJECT ADDED ENTRY--TOPICAL TERM
Topical Term Sufism-Hagiography
942 ## - ADDED ENTRY ELEMENTS (KOHA)
Koha item type Books
700 1# -
-- Noor Ahmed, Chishti
Holdings
Home library Current library Date acquired Cost, normal purchase price Full call number Accession Number Koha item type
Henry Martyn Institute Library Henry Martyn Institute Library 07/03/2007 100.00 297.409 NOO 04064 E-Books
                   Copyright © 2026 | Henry Martyn Institute | Hyderabad | TS-500052 | INDIA | Implemented by hmi.edu.in
Hit-Count:

Powered by Koha